VDA 6.2 : QM - audit sytému - služby

Salvato in:
Dettagli Bibliografici
Natura: Libro
Lingua:ceco
Pubblicazione: Praha Česká společnost pro jakost 2017
Edizione:3. vyd.
Soggetti:
Tags: Aggiungi Tag
Nessun Tag, puoi essere il primo ad aggiungerne!!

MARC

LEADER 00000nam a22000003a 4500
001 0095326
003 SK-STU
005 20220519083511.0
007 ta
008 220519s ----xo-----e------000-0-----d
020 |a 978-80-02-02779-9 
022 |z 0943-9412 
040 |a STU  |b slo 
041 0 |a cze 
044 |a xr 
245 1 0 |a VDA 6.2 :  |b QM - audit sytému - služby 
250 |a 3. vyd. 
260 |a Praha  |b Česká společnost pro jakost  |c 2017 
300 |a 51 s. 
650 0 7 |a manažment kvality 
650 0 7 |a automobilový priemysel 
996 |b 284M089060  |c M* 14 634-1  |l MMKN  |s A  |a 24  |w 0095326_0001